| 000 | 00455nam a2200157Ia 4500 | ||
|---|---|---|---|
| 999 |
_c328 _d328 |
||
| 020 | _a0-8039-0248-4 | ||
| 082 | _aRR 016.301412 WOM- | ||
| 245 | 0 | _aWomen and society : A critical review of the literature with a annotated bibliog | |
| 260 |
_aCalifornia _bSage Publications _c1975 |
||
| 300 | _a354 | ||
| 650 |
_aWomen _vBibliography |
||
| 650 |
_aLiterature _vBibliography |
||
| 700 | _aRosenberg, Marie barovic | ||
| 700 | _aBergstrom, Len V | ||
| 942 | _cBK | ||